| 000 | 00526 a2200205 4500 | ||
|---|---|---|---|
| 999 |
_c529044 _d529044 |
||
| 003 | Nust | ||
| 005 | 20190918151133.0 | ||
| 020 | _a9695030424 | ||
| 038 | _aMSOHAIL | ||
| 040 | _cNust | ||
| 082 | _a891.439301 | ||
| 100 |
_aHaq, Chaudhary Afzal _920914 |
||
| 245 |
_a Zindagi _c Chaudhray Afzal Haq |
||
| 260 |
_aLahore _bAl-Fasial Publisher _c1993 |
||
| 300 |
_a200 p _billus _c18 cm |
||
| 538 | _aAlmirah No.66, Shelf No.6 | ||
| 600 |
_aHaq, Chaudhary Afzal _920914 |
||
| 650 |
_aUrdu Literature _9347 |
||
| 942 |
_2ddc _cBK |
||